| 000 | 01748cam a2200301 i 4500 | ||
|---|---|---|---|
| 003 | SA-RiAUC | ||
| 005 | 20251106074659.0 | ||
| 008 | 251105s2002 su f f100r0 ara c | ||
| 020 | _a4277299 | ||
| 040 |
_aSA-JeALM _bara _cSA-RiAUC _erda |
||
| 082 | 0 | 4 |
_a221.4 _qSA-RiAUC |
| 090 |
_a221.4 _bن د و |
||
| 111 | 2 |
_aندوة ترجمة معاني القرآن الكريم _d(1423 هجري : _cالمدينة المنورة) |
|
| 245 | 1 | 0 |
_aندوة ترجمة معاني القرآن الكريم : _bتقويم للماضي، وتخطيط للمستقبل / _cوزارة الشؤون الإسلامية والأوقاف والدعوة والإرشاد، مجمع الملك فهد لطباعة المصحف الشريف. |
| 264 | 1 |
_aالمدينة المنورة : _bوزارة الشؤون الإسلامية والأوقاف والدعوة والإرشاد، مجمع الملك فهد لطباعة المصحف الشريف، _c[2002] |
|
| 300 |
_a129 صفحة ؛ _c24 × 17 سم |
||
| 336 |
_aنص _btxt _2rdacontent _3كتاب |
||
| 337 |
_aبدون وسيط _bn _2rdamedia |
||
| 338 |
_aمجلد _bnc _2rdacarrier |
||
| 500 | _aعلى الغلاف : في الفترة من 10-12 صفر 1423 هـ الموافق 23-25 إبريل 2002. | ||
| 630 | 2 | 7 |
_aالقرآن _xترجمة _vمؤتمرات _2aucut |
| 630 | 2 | 7 |
_aالقرآن _xترجمة _xمطبوعات حكومية _2aucut |
| 650 | 7 |
_aالمطبوعات الحكومية _2aucsh |
|
| 710 | 1 |
_aالسعودية. _bوزارة الشؤون الإسلامية والأوقاف والدعوة والإرشاد _eمنظم. |
|
| 710 | 2 |
_aمجمع الملك فهد لطباعة المصحف الشريف _eمنظم. |
|
| 942 |
_2ddc _cBOOK _n0 |
||
| 949 |
_aSA-JeALM _d251105 _umohamedma123 _n1 |
||
| 999 |
_c13048 _d13048 |
||